00726 a2200193 45000010006000000050017000060080041000230030015000640400040000790800085001192450068002040200018002722500012002902640033003023000028003350410008003631000030003718560131004012990320260407155609.0260407a2004 arg spa dAR-UNSa-BCEJYS aAR-UNSa-BCEJYSbspacAR-UNSa-BCEJYS a342.4xConstituciones. Asambleas legislativas. Asambleas nacionales (Reforma...)10aConstitución de la Nación Argentinapcomentada y concordada a950-527-913-2 a2a. ed. 1aBuenos Aires :bLa Leyc2004 axlviii, 1120 p.c25 cm. aspa1 aGelli, María Angélica41uhttps://biblioeco.unsa.edu.ar/pmb/images/libros/Constitiucion de la Nacion Argentina-l86932.jpgyImagen de portadaqimage/jpeg